01125nam a2200241Ia 4500003000900000008004100009020001800050040001600068080002000084111010600104245027500210260006300485300001500548650001800563650002400581650002500605700003200630700003200662700003000694942000700724999001700731952013500748IN-BaIIA211028s9999 xx 000 0 eng d a4-9980848-0-1 cIIA Library a524(082.2)bHIR aVSOP Symposium on Astrophysical Phenomena Revealed by Space VLBIcISAS, Japand2000 Jan. 19-21924026 0aAstrophysical phenomena revealed by space VLBIbproceedings of the VSOP symposium on astrophysical phenomena revealed by space VLBI, held in ISAS, Japan, 19-21 Jan 2000cedited by H. Hirabayashi, P. G. Edwards and D. W. Murphy  aJapanbInstitute of Space and Astronautical Sciencesc2000 axxi, 329p. aAstronomy980 aRadioactivity91529 aRadioisotopes924027 aEdwards, P. G., ed. 924028 aHirabayashi, H., ed.924029 aMurphy, D. W., ed.924030 cBK c13673d13673 00104070aBANbBANcGENd2000-08-21eISAS g100.00l0o524(082.2)/ HIRp14592r2021-11-05v100.00w2000-08-21yBKGRs. 100.00